| 000 | 00000nam 2200000za 4500 |
| 001 | 9.642252 |
| 003 | CaOODSP |
| 005 | 20210624223617 |
| 007 | cr ||||||||||| |
| 008 | 150407r19751972xxcao|||o f|0| 0 fre d |
| 040 | |aCaOODSP|bfre |
| 043 | |an-cn--- |
| 086 | 1 |aA63-1439/1975F-PDF |
| 245 | 00|aProduction laitière au Canada |h[ressource électronique]. |
| 260 | |aOttawa : |bMinistère de l'agriculture du Canada, |c1972, Réimprimé 1975. |
| 300 | |a96 p. : |bill. |
| 500 | |a« La texte suivant a été rédigé en collaboration avec des membres du personnel du Collège d'agriculture de l'Ontario, du Collège de médecine vétérinaire de l'Ontario, Université de Guelph, ainsi que de la Direction des bestiaux,ministère de l'Agriculture et de l'Alimentation de l'Ontario, Toronto. » |
| 500 | |aPublication historique numérisée par Agriculture et Agroalimentaire Canada. |
| 590 | |a13-17-Supp|b2013-07-25 |
| 691 | 07|aBétail|2gcpds |
| 691 | 07|aÉlevage|2gcpds |
| 691 | 07|aIndustrie laitière|2gcpds |
| 710 | 1 |aCanada. |bMinistère de l'agriculture. |
| 775 | 08|tDairy husbandry in Canada |w(CaOODSP)9.697307 |
| 856 | 40|ahttp://publications.gc.ca|qPDF|s6.47 Mo|uhttps://publications.gc.ca/collections/collection_2013/aac-aafc/agrhist/A63-1439-1975-fra.pdf |
| 986 | |aPublication 1439 |